000 00354nam a2200157Ia 4500
003 0STCL
008 150530s9999 xx 000 0 und d
040 _aSTCL
_cSTCL
100 _aDowner; Editor
245 _aAmerican theater
260 _bVoice of America
_c1967
546 _aEnglish
942 _2ddc
_cBK
999 _c68169
_d68169
005 20220125171355.0